|
|
|
|
| LEADER |
00000cam a2200000 7i4500 |
| 001 |
0000003757 |
| 005 |
20151222.0 |
| 008 |
070719 |
| 020 |
|
|
|a 9838805785(set)
|
| 020 |
|
|
|a 9838805858
|
| 090 |
0 |
0 |
|a JF
|b MOT MAL (4130)
|
| 100 |
0 |
|
|a W.S Uzala
|
| 245 |
1 |
0 |
|a Andainya cikgu tidak menolong
|c W.S Uzala
|
| 260 |
|
|
|a Kuala Lumpur :
|b Eddiplex ,
|c 2004
|
| 440 |
|
|
|a Siri rangkaian motivasi
|
| 500 |
|
|
|a Children ages 7-9 years old (orange)
|
| 650 |
|
0 |
|a Junior fiction
|x Malay
|x Languages
|
| 650 |
|
0 |
|a Motivation
|
| 999 |
|
|
|a 0000911326
|b Book
|c Children Collection
|e Cawangan Bandar Tenggara
|
| 999 |
|
|
|a 0000975020
|b Book
|c Children Collection
|e Cawangan Urban Transformation Centre
|
| 999 |
|
|
|a 0000975021
|b Book
|c Children Collection
|e Perbadanan Perpustakaan Awam Johor
|
| 999 |
|
|
|a 0000975022
|b Book
|c Children Collection
|e Perbadanan Perpustakaan Awam Johor
|
| 999 |
|
|
|a 0000975023
|b Book
|c Children Collection
|e Cawangan Urban Transformation Centre
|
| 999 |
|
|
|a 0000975024
|b Book
|c Children Collection
|e Perbadanan Perpustakaan Awam Johor
|
| 999 |
|
|
|a 0000975090
|b Book
|c Children Collection
|e Cawangan Taman Universiti
|
| 999 |
|
|
|a 0000975094
|b Book
|c Children Collection
|e Cawangan Tmn. Ungku Tun Aminah
|
| 999 |
|
|
|a 0001051831
|b Book
|c Children Collection
|e Cawangan Tangkak
|
| 999 |
|
|
|a 000957023
|b Book
|c Children Collection
|e Cawangan Sri Merlong
|
| 999 |
|
|
|a 9838805793
|b Book
|c Children Collection
|e Cawangan Sri Merlong
|
| 999 |
|
|
|a 9838805858
|b Book
|c Children Collection
|e Cawangan Sri Merlong
|